| 000 | 02075nam a2200397 c 4500 | ||
|---|---|---|---|
| 999 |
_c431907 _d431907 |
||
| 003 | BLK | ||
| 005 | 20210915124457.0 | ||
| 008 | 180409b bul|||||r ||||||| ||bul|| | ||
| 040 | _aBLK | ||
| 041 |
_aBUL _cBUL |
||
| 080 |
_aИстория на цивилизацията. История на културата _b930.85 _z930.85 |
||
| 100 | 1 |
_aПисарев, Дмитрий Иванович _eпърви автор _9323908 |
|
| 139 |
_aПисарев, Дмитрий Иванович _bП 54 |
||
| 245 | 1 | 0 |
_aЗаражданието на културата _cДмитрий Иванович Писарев; прев. от рус. Т. Д. Х. |
| 260 |
_bАт. Димитров и сие _c[1897] _aКотел |
||
| 300 |
_a139 с. _c21 см |
||
| 380 | _a9 | ||
| 490 |
_aКолекция Редки и ценни издания _9435080 |
||
| 650 |
_aКултура - история _9464543 |
||
| 700 | 1 |
_aТ. Д. Х. _eпрев. от рус. _9274600 |
|
| 852 |
_aРб 897 _bРц |
||
| 856 | 4 | _qpdf | |
| 856 | 4 | _qpdf | |
| 942 |
_cKNG _n0 _01 _s1 |
||
| 944 |
_aCR _c2021-09-15 _kНР |
||